Lập kế hoạch và quản lý dự án bằng Microsoft Project 2002

Tài liệu khái quát chung về lập kế hoạch và tiến độ, lập kế hoạch và quản lý dự án bằng Microsoft Project 2002, quan sát đường găng và sơ đồ mạng định dạng thể hiện các khung nhìn, phụ lục và các dự án mẫu....

Disgrifiad llawn

Wedi'i Gadw mewn:
Manylion Llyfryddiaeth
Prif Awdur: Trịnh, Tuấn
Fformat: Llyfr
Iaith:Undetermined
Cyhoeddwyd: Thành phố Hồ Chí Minh Thống kê 2006
Pynciau:
Tagiau: Ychwanegu Tag
Dim Tagiau, Byddwch y cyntaf i dagio'r cofnod hwn!
Thư viện lưu trữ: Trung tâm Học liệu Trường Đại học Cần Thơ
LEADER 00974nam a2200217Ia 4500
001 CTU_121905
008 210402s9999 xx 000 0 und d
020 |c 43000 
082 |a 658.4040285 
082 |b T502 
100 |a Trịnh, Tuấn 
245 0 |a Lập kế hoạch và quản lý dự án bằng Microsoft Project 2002 
245 0 |c Trịnh Tuấn 
260 |a Thành phố Hồ Chí Minh 
260 |b Thống kê 
260 |c 2006 
520 |a Tài liệu khái quát chung về lập kế hoạch và tiến độ, lập kế hoạch và quản lý dự án bằng Microsoft Project 2002, quan sát đường găng và sơ đồ mạng định dạng thể hiện các khung nhìn, phụ lục và các dự án mẫu. 
650 |a Microsoft project,Project management 
650 |x Computer programs 
904 |i Minh 
980 |a Trung tâm Học liệu Trường Đại học Cần Thơ